000 00435nam a2200157Ia 4500
008 240729s9999 xx 000 0 und d
022 _a2574-5417
245 0 _aBig Earth Data
260 _aUnited Kingdom
260 _bTaylor & Francis Group
650 _a Geology
650 _aGeography. Anthropology. Recreation | Science
856 _uhttps://doaj.org/toc/07111128ab384d6f83ae6dd045a7a0d6
942 _2ddc
942 _cDOAJEJ
999 _c69045
_d69045
945 _a1
_bMadushi Gamage
_c1
_dMadushi Gamage